000 00243nam a2200097Ia 4500
001 1126623
005 20250827004821.0
008 250824s9999 xx 000 0 und d
245 0 _aKEDİM KAYBOLDU
_cAYTÜL AKAL
260 _bHEP KİTAP YAYINLARI
999 _c1126623
_d1126623